000 00858nam0a22002531 4500
001 rc\2771023
005 20250806204350.0
035 _a(NLR Aleph) 006897397
090 _a27423
_c27423
100 _a20110915d1941 u y0rusy50 ca
101 0 _arus
102 _aRU
105 _aa z |||||
200 1 _aСтахановцы металлообработки системы промкооперации
_fИнж. Н. П. Буланже
210 _aМосква
_aЛенинград
_cКОИЗ
_d1941
_eМосква
215 _a56 с.
_cил., черт.
_d17 см.
700 1 _aБуланже
_bН.П.
_gНиколай Павлович
801 0 _aRU
_bNLR
_gpsbo
801 1 _aRU
_bELAR
_2rusmarc
852 _aNLR
_jТ36 Г-2/47
942 _cBOOK
945 _aРоссийская национальная библиотека
980 _aNB
980 _aBV